000 00751nam a2200289Ia 4500
005 20260324145933.0
008 008 260324s9999 xx 000 0 eng d
020 _a9781315089331
037 _aEBOOK
040 _aCRL
040 _beng
040 _cCRL
041 _2eng
041 _aeng
084 _qCRL
100 _aRobert T. Golembiewski
_91201559
245 0 _aPublic Administration as a Developing Discipline
245 0 _bPart 2: Organization Development as One of a Future Family of Miniparadigms
260 _bTaylor and Francis
260 _c1977
365 _a
365 _b265
856 _uhttp://www.taylorfrancis.com/books/9781315089331
942 _cEBOOK
999 _c1833330
_d1833330